000 00299nam a22001337a 4500
008 170905b xxu||||| |||| 00| 0 eng d
020 _a9781576853665
041 _aeng
080 _22 ED
_a070
100 _a40
101 _aMED
245 _aEMT CAREER STARTER
_cSTARKEY.L.B
942 _2udc
_cBK
999 _c26093
_d26093